[Event "Lugano op 21st"]
[Site "Lugano"]
[Date "2022.11.05"]
[Round "2"]
[White "Cocconcelli, Lorenzo"]
[Black "Aleksandrov, Michael"]
[Result "1-0"]
[WhiteElo "2136"]
[BlackElo "1834"]
[PlyCount "45"]
[EventDate "2022.11.04"]
[EventType "swiss"]
[EventRounds "5"]
[EventCountry "SUI"]
[SourceTitle "CBM 211 Extra"]
[Source "ChessBase"]
[SourceDate "2023.01.31"]
[SourceVersion "1"]
[SourceVersionDate "2023.01.31"]
[SourceQuality "1"]

1. d4 Nf6 2. Nf3 g6 3. c4 Bg7 4. g3 0-0 5. Bg2 d6 6. 0-0 Nc6 7. b3 e5 8. dxe5 Nd7 9. Bb2 Ndxe5 10. Nxe5 Nxe5 11. Nc3 h5 12. Qd2 h4 13. Rad1 h3 14. Bh1 Ng4 15. Nd5 Bh6 16. Qd4 Kh7 17. c5 Ne5 18. cxd6 Bg7 19. dxc7 Qg5 20. Qd2 Rg8 21. Qxg5 Kh8 22. Qh4+ Bh6 23. Qxh6# 1-0